000 00997cam a2200337Lu 4500
001 86275
005 20230410105257.0
008 900101s1995 mx 001 0 spa d
035 _a(OCoLC)ocn491830429
040 _aZWZ
_encafnor
_bfre
_cZWZ
020 _a9686321357
020 _a9789686321357
029 0 _aZWZ
_b097283592
035 _a(OCoLC)491830429
050 1 4 _aV181s 1995
100 1 _aValle, Eduardo.
245 1 3 _aEl segundo disparo :
_bla narcodemocracia mexicana /
_cEduardo Valle.
260 _aMéxico :
_bOceano,
_c1995.
300 _a380 p. ;
_c22 cm.
490 1 _aTiempo de México
490 1 _aEl dedo en la llaga
610 2 7 _aMexique.
_bProcuraduría general de la República.
_2ram
650 7 _aDrogues
_xTrafic
_zMexique.
_2ram
650 4 _aCRV
650 4 _aColección Rene Villarreal.
651 7 _aMexique
_xPolitique et gouvernement
_y1988-2000.
_2ram
830 0 _aTiempo de México.
942 _2lcc
_cbk
946 _amfcruz
994 _aC0
_bDRFGD
999 _c33462
_d33462